<?xml version="1.0" encoding="UTF-8"?>
<record
    xmlns:xsi="http://www.w3.org/2001/XMLSchema-instance"
    xsi:schemaLocation="http://www.loc.gov/MARC21/slim http://www.loc.gov/standards/marcxml/schema/MARC21slim.xsd"
    xmlns="http://www.loc.gov/MARC21/slim">

  <leader>01913nmm a2200433   4500</leader>
  <controlfield tag="001">51054</controlfield>
  <controlfield tag="003">Biblioteca APEC</controlfield>
  <controlfield tag="005">20251014134039.0</controlfield>
  <controlfield tag="008">170930b2016    dr ||||| |||| 00| 0 spa d</controlfield>
  <datafield tag="040" ind1=" " ind2=" ">
    <subfield code="c">Biblioteca UNAPEC</subfield>
    <subfield code="a">Biblioteca UNAPEC</subfield>
    <subfield code="b">spa</subfield>
    <subfield code="e">rda</subfield>
  </datafield>
  <datafield tag="041" ind1=" " ind2=" ">
    <subfield code="a">spa</subfield>
  </datafield>
  <datafield tag="072" ind1=" " ind2=" ">
    <subfield code="a">Facultad de Humanidades</subfield>
  </datafield>
  <datafield tag="090" ind1=" " ind2=" ">
    <subfield code="a">TPG-CI MAS-03 2016</subfield>
  </datafield>
  <datafield tag="100" ind1="1" ind2=" ">
    <subfield code="a">Rodr&#xED;guez, Pedro Santo</subfield>
    <subfield code="9">4351</subfield>
    <subfield code="e">autor</subfield>
  </datafield>
  <datafield tag="245" ind1="1" ind2="0">
    <subfield code="a">Aplicaciones del teorema del punto fijo de Banach al an&#xE1;lisis matem&#xE1;tico /</subfield>
    <subfield code="c">Pedro Santo Rodr&#xED;guez ; asesor: Ignacio de la Caridad P&#xE9;rez Yzquierdo</subfield>
  </datafield>
  <datafield tag="260" ind1=" " ind2=" ">
    <subfield code="a">Santo Domingo, DO :</subfield>
    <subfield code="b">Universidad APEC</subfield>
    <subfield code="c">2016</subfield>
  </datafield>
  <datafield tag="300" ind1=" " ind2=" ">
    <subfield code="a">1 CD ROM</subfield>
  </datafield>
  <datafield tag="336" ind1=" " ind2=" ">
    <subfield code="a">Texto</subfield>
    <subfield code="b">txt</subfield>
    <subfield code="2">rdacontent</subfield>
  </datafield>
  <datafield tag="337" ind1=" " ind2=" ">
    <subfield code="a">ordenador</subfield>
    <subfield code="b">c</subfield>
    <subfield code="2">rdamedia</subfield>
  </datafield>
  <datafield tag="338" ind1=" " ind2=" ">
    <subfield code="a">recurso en l&#xED;nea</subfield>
    <subfield code="b">cr</subfield>
    <subfield code="2">rdacarrier</subfield>
  </datafield>
  <datafield tag="500" ind1=" " ind2=" ">
    <subfield code="a">CAMPUS I</subfield>
  </datafield>
  <datafield tag="500" ind1=" " ind2=" ">
    <subfield code="a">Tesis en Formato PDF</subfield>
  </datafield>
  <datafield tag="500" ind1=" " ind2=" ">
    <subfield code="a">Tesis en Formato Electr&#xF3;nico</subfield>
  </datafield>
  <datafield tag="500" ind1=" " ind2=" ">
    <subfield code="a">Tesis en Formato Digital</subfield>
  </datafield>
  <datafield tag="502" ind1=" " ind2=" ">
    <subfield code="a">Tesis (Maestr&#xED;a en Matem&#xE1;tica Superior) - Universidad APEC, 2016</subfield>
  </datafield>
  <datafield tag="505" ind1=" " ind2=" ">
    <subfield code="a">- ELEMENTOS B&#xC1;SICOS DE LA TEOR&#xCD;A DE LOS ESPACIOS M&#xC9;TRICOS
- ESPACIOS M&#xC9;TRICOS COMPLETOS
- APLICACIONES DEL PRINCIPIO DE APLICACIONES CONTRAIDOS O TEOREMA DEL PUNTO FIJO DE BANACH AL AN&#xC1;LISIS MATEM&#xC1;TICO Y A LAS EUACIONES DIFERENCIALES
Conclusi&#xF3;n</subfield>
  </datafield>
  <datafield tag="650" ind1=" " ind2=" ">
    <subfield code="a">An&#xE1;lisis matem&#xE1;tico</subfield>
    <subfield code="9">6240</subfield>
  </datafield>
  <datafield tag="650" ind1=" " ind2=" ">
    <subfield code="a">Ecuaciones diferenciales</subfield>
    <subfield code="9">6241</subfield>
  </datafield>
  <datafield tag="650" ind1=" " ind2=" ">
    <subfield code="a">Espacios m&#xE9;tricos</subfield>
    <subfield code="9">6242</subfield>
  </datafield>
  <datafield tag="650" ind1=" " ind2=" ">
    <subfield code="a">Espacios de Banach</subfield>
    <subfield code="9">6243</subfield>
  </datafield>
  <datafield tag="650" ind1=" " ind2=" ">
    <subfield code="a">Teorema de Banach-Stone</subfield>
    <subfield code="9">6244</subfield>
  </datafield>
  <datafield tag="650" ind1=" " ind2=" ">
    <subfield code="a">Topolog&#xED;a</subfield>
    <subfield code="9">6245</subfield>
  </datafield>
  <datafield tag="650" ind1=" " ind2=" ">
    <subfield code="a">Teor&#xED;a del punto fijo</subfield>
    <subfield code="9">6246</subfield>
  </datafield>
  <datafield tag="650" ind1=" " ind2=" ">
    <subfield code="a">Teor&#xED;a de la coincidencia (Matem&#xE1;ticas)</subfield>
    <subfield code="9">6247</subfield>
  </datafield>
  <datafield tag="700" ind1=" " ind2=" ">
    <subfield code="a">P&#xE9;rez Izquierdo, Ignacio de la Caridad</subfield>
    <subfield code="e">asesor</subfield>
    <subfield code="9">4328</subfield>
  </datafield>
  <datafield tag="856" ind1=" " ind2=" ">
    <subfield code="u">https://bibliotecaunapec.blob.core.windows.net/tesis/TPG_CI_MAS_03_2016_ET170292.pdf</subfield>
    <subfield code="y">Hacer clic para ver el PDF. (1.08 MB). Trabajo de Posgrado</subfield>
  </datafield>
  <datafield tag="912" ind1=" " ind2=" ">
    <subfield code="a">AJRP</subfield>
  </datafield>
  <datafield tag="942" ind1=" " ind2=" ">
    <subfield code="2">ddc</subfield>
    <subfield code="c">E-TES</subfield>
  </datafield>
  <datafield tag="999" ind1=" " ind2=" ">
    <subfield code="c">14451</subfield>
    <subfield code="d">14451</subfield>
  </datafield>
</record>
